Lend your support to the long march (Record no. 66898)

MARC details
000 -LEADER
fixed length control field 00873cam a2200217 4500
001 - CONTROL NUMBER
control field ABS63915
008 - FIXED-LENGTH DATA ELEMENTS--GENERAL INFORMATION
fixed length control field 000000n2001 000 0 eng u
035 ## - SYSTEM CONTROL NUMBER
System control number (Sirsi) u112402
100 ## - MAIN ENTRY--PERSONAL NAME
Personal name Armstrong, L
245 ## - TITLE STATEMENT
Title Lend your support to the long march
260 ## - PUBLICATION, DISTRIBUTION, ETC.
Date of publication, distribution, etc. 2001
490 ## - SERIES STATEMENT
Series statement Estates Gazette
Volume/sequential designation (0016) 21 April 2001, 60(1)
520 ## - SUMMARY, ETC.
Summary, etc. Louis Armstrong chief executive of the RICS paints a positive picture of the RICS reform process. He explains that it is essential to raise the status of the RICS so that more clients wish to employ and pay more for surveyors services and to encourage more talented youngsters to become surveyors. Calls for active support from every member of the profession.
590 ## - LOCAL NOTE (RLIN)
Local note ABS
650 ## - SUBJECT ADDED ENTRY--TOPICAL TERM
Topical term or geographic name entry element RICS
650 ## - SUBJECT ADDED ENTRY--TOPICAL TERM
Topical term or geographic name entry element RICS REORGANISATION
650 ## - SUBJECT ADDED ENTRY--TOPICAL TERM
Topical term or geographic name entry element UNIVERSITIES
650 ## - SUBJECT ADDED ENTRY--TOPICAL TERM
Topical term or geographic name entry element REFORM
690 ## - LOCAL SUBJECT ADDED ENTRY--TOPICAL TERM (OCLC, RLIN)
Topical term or geographic name as entry element RICS NEWS
942 ## - ADDED ENTRY ELEMENTS (KOHA)
Suppress in OPAC 0
Holdings
Withdrawn status Lost status Source of classification or shelving scheme Damaged status Not for loan Home library Current library Shelving location Date acquired Total Checkouts Full call number Barcode Date last seen Copy number Price effective from Koha item type
    Dewey Decimal Classification     London London Journal article 04/05/2001   ABS63915 112402-1001 06/08/2019 1 06/08/2019 Journal article